000 00622nam a22001937a 4500
999 _c109148
_d109148
005 20200121103346.0
010 _aA-842099
020 _c48.00
035 _aA-842099
037 _bCen Lib/Ret
082 _a840.8
100 _aچشتی، عنوان
245 _aاردو میں کلاسیکی تنقید /
_cعنوان چشتی
246 _aUrdu mein classici tanqeed /
_bby Unwan Chishti
260 _aنیی دہلی
_bمکتبہ جامہ لمیٹڈ
_c1988 ء
270 _bنیی دہلی
_aجامہ نگر
_e110025
300 _a152p.
_c19cm(Hb)
942 _2ddc
_cUR
_h840.8
_mچ ش ت